On adjustment and testing of telescope objectives (Record no. 7588)

MARC details
000 -LEADER
fixed length control field 00643nam a2200205Ia 4500
003 - CONTROL NUMBER IDENTIFIER
control field IN-BaIIA
008 - FIXED-LENGTH DATA ELEMENTS--GENERAL INFORMATION
fixed length control field 211028s9999 xx 000 0 eng d
040 ## - CATALOGING SOURCE
Transcribing agency IIA Library
080 ## - UNIVERSAL DECIMAL CLASSIFICATION NUMBER
Universal Decimal Classification number 520.2.03
Item number COO
100 ## - MAIN ENTRY--PERSONAL NAME
Personal name Taylor, H. Dennis
9 (RLIN) 12853
245 #0 - TITLE STATEMENT
Title On adjustment and testing of telescope objectives
Statement of responsibility, etc. H. Dennis Taylor
250 ## - EDITION STATEMENT
Edition statement 2nd ed.
260 ## - PUBLICATION, DISTRIBUTION, ETC.
Place of publication, distribution, etc. New York
Name of publisher, distributor, etc. T.Cooke and Sons
Date of publication, distribution, etc. 1896
300 ## - PHYSICAL DESCRIPTION
Extent 96p.
500 ## - GENERAL NOTE
General note Donated by Mrs. Bappu
650 ## - SUBJECT ADDED ENTRY--TOPICAL TERM
Topical term or geographic name entry element Astronomy and Astrophysics Thesaurus
650 ## - SUBJECT ADDED ENTRY--TOPICAL TERM
Topical term or geographic name entry element Telescopes Adjustments
9 (RLIN) 12854
650 ## - SUBJECT ADDED ENTRY--TOPICAL TERM
Topical term or geographic name entry element Telescopes Testing
9 (RLIN) 12855
942 ## - ADDED ENTRY ELEMENTS (KOHA)
Koha item type Books
Holdings
Withdrawn status Lost status Damaged status Not for loan Home library Current library Shelving location Date acquired Total Checkouts Full call number Barcode Date last seen Price effective from Koha item type
        IIA Library-Bangalore IIA Library-Bangalore General Stacks 20/07/1983   520.2.03/ COO 8402 05/11/2021 20/07/1983 Books

Powered by Koha